000 00315nam a2200133Ia 4500
008 190216s9999||||xx |||||||||||||| ||und||
100 _aVavlov Vv And Melnikov Etc
245 0 _aAlgebra Study Aid
250 _a1st Ed.
260 _bMir Pubs Moscow
_c1990
300 _a397p
650 _aMathematics
942 _cBK
999 _c31035
_d31035